000 00635nam a2200217 i 4500
001 52267
003 ES-MaACL
005 20251211063017.0
007 t|
008 030827s1955 sp ||||1| spa d
100 0 _aChautard, Jean Baptiste,
_cabad
_938216
245 1 3 _aEl alma de todo apostolado /
_cJ.B. Chautard ; traducido por Manuel Onieva.
250 _a9ª ed.
260 _aSan Sebastián :
_bDinor,
_c1955 (
_ePamplona :
_fGómez)
300 _a286 p.
490 1 _aPrisma
700 1 _aOnieva, Manuel.
_987082
830 0 0 _aPrisma
_9180749
852 _aES-MaACL
_jC-10601
_bR.38546
999 _c52267
_d52267